Szczegóły MARC21

Alternative Shakespeares. Vol. 2 /

003 -Nazwa inst., której nr kontr. jest w polu 001 [,]
    • @
    • Nazwa instytucji, której n kontrolny jest w polu 001
    • NUKAT
005 -DATA I CZAS OSTATNIEJ MODYFIKACJI [,]
    • @
    • pole kontrolne
    • 20241231102121.0
020 -Międzynarod. znormalizowany nr książki - ISBN [ , ]
    • a
    • Numer ISBN
    • 0415134862 Find
040 -Instytucja sporządzająca opis [ , ]
    • a
    • Instytucja, która sporządziła opis (NP)
    • KR U/63BeG
    • c
    • Instytucja, która sporządziła rekord (NP)
    • KR U/63BeG
    • d
    • Instytucja, która zmodyfikowała rekord (P)
    • KR U/63BeG
044 -Kraj miejsca wydania [ , ]
    • a
    • Kraj miejsca wydania
    • Wielka Brytania po 1988
    • a
    • Kraj miejsca wydania
    • Stany Zjednoczone po 1988
942 -Rodzaj dokumentu [ , ]
    • c
    • Rodzaj dokumentu
    • Książka
100 -Hasło główne - nazwa osobowa [1, ]
    • a
    • Nazwa osobowa (NP)
    • Hawkes, Terence
    • d
    • Daty biograficzne (NP)
    • (1932- ).
    • 9
    • KHW
    • 48255
245 -Strefa tytułu i oznaczenia odpowiedzialności [1,0]
    • a
    • Tytuł
    • Alternative Shakespeares. Find
    • n
    • Oznaczenie części (P)
    • Vol. 2 /
    • c
    • Pozostałe elementy strefy tytułu i oznaczenia odpowiedzialności (NP)
    • ed. by Terence Hawkes.
260 -Strefa adresu wydawniczego [ , ]
    • a
    • Miejsce wydania (P)
    • London ;
    • a
    • Miejsce wydania (P)
    • New York :
    • b
    • Nazwa wydawcy (P)
    • Routledge,
    • c
    • Data wydania (P)
    • 1996.
300 -Strefa opisu fizycznego [ , ]
    • a
    • Określenie formy książki i/lub objętość (NP)
    • XII, [2], 294 s. ;
    • c
    • Format (NP)
    • 20 cm.
336 -Typ zawartości [ , ]
    • a
    • Termin opisujący typ zawartości
    • Tekst
    • b
    • Kod określający zawartość
    • txt
    • 2
    • Źródło (terminu i kodu)
    • rdacontent
337 -Typ mediów [ , ]
    • a
    • Tryb odtwarzania
    • Bez urządzenia pośredniczącego
    • b
    • Kod typu mediów
    • n
    • 2
    • Źródło (terminu i kodu)
    • rdamedia
338 -Typ/rodzaj nośnika [ , ]
    • a
    • Hasło opisujące typ nośnika
    • Wolumin
    • b
    • Kod typu nośnika
    • nc
    • 2
    • Źródło (terminu i kodu)
    • rdacarrier
490 -Strefa serii i książki wielotomowej - forma nie do wyszukiwania [1, ]
    • a
    • Tytuł (P)
    • New Accents Find
830 -Hasło dodatkowe serii i opisu książki wielotomowej - tytuł ujednolicony/tytuł [ ,0]
    • a
    • Tytuł ujednolicony/tytuł (NP)
    • New Accents
    • 9
    • KHW
    • 547802
500 -Uwaga ogólna [ , ]
    • a
    • Uwaga ogólna (NP)
    • Okł.: Philip Armstrong, Catherine Belsey, Dympna Callaghan, Margreta de Grazia, John Drakakis, Keir Elam, Terence Hawkes, Ania Loomba, Steven Mullaney, Alan Sinfield, Bruce R. Smith.
504 -Uwaga dot. bibliogr. załącznikowej [ , ]
    • a
    • Uwaga dot. bibliografii załącznikowej
    • Bibliogr. s. [262]-285. Indeks.
080 -Uniwersalna Klasyfikacja Dziesiętna [ , ]
    • a
    • Symbol klasyfikacji
    • 820(091)-1/-2"15/16"Shakespeare W.=20
980 -Symbol UKD [ , ]
    • a
    • UKD
    • 820(091)-1/-2"15/16"Shakespeare W.=20
710 -Hasło dodatkowe - nazwa ciała zbiorowego [2, ]
    • a
    • Nazwa ciała zbiorowego lub nazwa geograficzna jako pierwszy element (NP)
    • Routledge.
    • 4
    • Kod relacji
    • pbl
    • 9
    • KHW
    • 54948
920 -ISBN [ , ]
    • a
    • ISBN
    • 0-415-13486-2 Find
Data inwentaryzacji Lokalizacja Status udost. Numer inwentarzowy Sygnatura
2003-03-25BM1A.6872ANG. Shakespeare 31